Nations celtiques - Statistiques

Statistiques générales
  • Ce quiz a été pris 6 687 fois
  • Le résultat moyen est 4 sur 6
Statistiques - réponses
Nom celtique Nom français % Correct
Éire Irlande
93%
Breizh Bretagne
90%
Alba Écosse
87%
Cymru Pays de Galles
79%
Ellan Vannin Île de Man
28%
Kernow Cornouailles
25%
Aucun quiz correspondant
Distribution des résultats
% des personnes avec chaque résultat
Percentile par nombre de réponses
Votre historique - résultats
Vous n’avez pas pris ce quiz